Calcul égal à 3 - Mort subite - Statistiques

Statistiques générales
  • Ce quiz a été pris 317 fois
    300 depuis la dernière actualisation
  • Le résultat moyen est 11 sur 14
Answers on the Grid
Answers color-coded by a green-red scale on the quiz's grid according to % correct below.
6-3
9-6
21/7
300/100
1*3
0+3
1+2
9/3
93/31
2+1+0
6-3-0
7-4
3*1+3*1
3*1+3*1-3
4-1
3*0
3-3
6-6
3/3
9/4
93/30
8/4
2+0
3-1+2
1+1
(9-6)(3-3)
 
Statistiques - réponses
Réponse % Correct
1+2
86%
21/7
85%
4-1
84%
6-3
84%
7-4
84%
0+3
83%
6-3-0
83%
9/3
83%
9-6
83%
2+1+0
81%
300/100
80%
1*3
79%
3*1+3*1-3
72%
93/31
67%
Aucun quiz correspondant
Distribution des résultats
% des personnes avec chaque résultat
Percentile par nombre de réponses
Votre historique - résultats
Vous n’avez pas pris ce quiz depuis la dernière actualisation